| 000 | 00789nam a22002297a 4500 | ||
|---|---|---|---|
| 005 | 20170124110111.0 | ||
| 010 | _a171584 | ||
| 020 | _c00.00 | ||
| 035 | _a171584 | ||
| 037 | _bCen Lib/Ret | ||
| 040 |
_aDPL _bEN |
||
| 082 |
_a894.308 _bULL |
||
| 100 |
_aUllmann, Stephen _929056 |
||
| 245 |
_aThe image in the modern French novel : _cby Stephen Ullmann _bGide, Alain-Fournier,Roust, Camus / |
||
| 260 |
_aCambridge _bCambridge University Press _c1960 |
||
| 270 |
_bLondon _aBentley house, 200 Euston Road |
||
| 300 |
_aviii,314p. _c22cm(Hb) |
||
| 500 | _aIncludes bibliographical references and index | ||
| 650 |
_aFrench fiction -- 20th century -- History and criticism _929057 |
||
| 650 |
_aAlain-Fournier. Etudes _929058 |
||
| 942 |
_2ddc _cEN _h894.308 _mULL |
||
| 999 |
_c130380 _d130380 |
||